| 000 | 01174nam a22002897a 4500 | ||
|---|---|---|---|
| 999 |
_c29483 _d29454 |
||
| 003 | EG-ScBUE | ||
| 005 | 20210923151427.0 | ||
| 008 | 210923s2011 ua f 000 0 ara d | ||
| 017 | _a1089/2011 | ||
| 020 | _a9789770467687 | ||
| 040 |
_aEG-ScBUE _bara _erda _cEG-ScBUE _dEG-ScBUE |
||
| 082 | 0 | 4 |
_a345.01 _bإ ك ي _222 |
| 100 | 1 |
_aالإكيابي، سلوى يوسف، _eمؤلف. |
|
| 245 | 1 | 2 |
_aالإحالة إلى المحكمة الجنائية الدولية / _c دكتور سلوى يوسف الإكيابي، مدرس القانون الدولي العام، كلية الحقوق - جامعة بنها. |
| 250 | _aالطبعة الأولى. | ||
| 264 | 1 |
_a[القاهرة] : _bدار النهضة العربية، _c2011. |
|
| 300 |
_a243 صفحة : _c24 سم |
||
| 336 |
_2rdacontent _aنص _btxt |
||
| 337 |
_2rdamedia _aبدون وسيط _bn |
||
| 338 |
_2rdacarrier _aمجلد _bnc |
||
| 504 | _aيشتمل على إرجاعات ببليوجرافية. | ||
| 541 | _cDonation. | ||
| 650 | 7 |
_aالمحاكم الجنائية الدولية. _2BUEsh |
|
| 653 | 7 |
_aBUEsh _bLLAAWW _cSeptember2021 |
|
| 655 | 7 |
_2BUEsh _vReading book _934232 |
|
| 942 | _2ddc | ||